000 00624nam a22002057a 4500
003 OSt
005 20260130114221.0
008 260130b |||||||| |||| 00| 0 eng d
020 _a9789384082925
_q(hardback)
040 _beng
_cHDL
082 0 4 _a294.40954 Q7
_223
100 1 _aJain, Shalin,
_eauthor.
_91112909
245 1 0 _aIdentity, community, and state :
_bthe Jains under the Mughals /
_cShalin Jain.
264 1 _aDelhi :
_bPrimus Books,
_c2017.
300 _axiii, 402 pages.
651 _aIndia
_91112910
655 7 _aHistory.
_2fast
_0(OCoLC)fst01411628
_91112911
942 _2CC
_cTEXL
_n0
999 _c1678410
_d1678410